000 01640cam a2200385 a 4500
001 EDZ0000104842
003 StDuBDS
005 20161031105224.0
006 m||||||||d||||||||
007 cr |||||||||||
008 121017s2011 caua fo| 001|0|eng d
020 _a9781452275062 (ebook) :
_cNo price
040 _aStDuBDS
_beng
_cStDuBDS
_epn
049 _aAlfaisal Main Library
050 0 _aLB1060
_b.S544 2011
082 0 4 _a370.1523
_223
100 1 _aSmilkstein, Rita.
245 1 0 _aWe're born to learn
_h[electronic resource] :
_busing the brain's natural learning process to create today's curriculum /
_cRita Smilkstein.
246 3 0 _aWe are born to learn
250 _a2nd ed.
260 _aThousand Oaks, Calif. :
_bCorwin,
_cc2011.
300 _a1 online resource (xvii, 248 p.) :
_bill.
520 8 _aThis updated edition of the bestselling book on the brain's natural learning process brings new research results and applications in a power-packed teacher tool kit. Rita Smilkstein shows teachers how to create and deliver curricula that help students become the motivated, successful, and natural learners they were born to be.
521 _aSpecialized.
588 _aDescription based on print version record.
504 _aIncludes bibliographical references and index.
650 0 _aLearning.
650 0 _aCurriculum planning.
650 0 _aBrain
_xResearch.
655 7 _aElectronic books.
_2local
710 2 _aSage eBooks
776 0 8 _iPrint version :
_z9781412979382
856 4 0 _uhttp://ezproxy.alfaisal.edu/login?url=http://sk.sagepub.com/books/were-born-to-learn-2e
942 _2lcc
_cEBOOKS
999 _c482026
_d482026